00717nam a2200253 a 4500001001300000003000900013005001700022008004100039020001000080082001500090100001600105245008000121260003400201300000900235500003500244505001000279650001400289650002200303700001600325902000800341942000700349952009400356999001300450nice12345678IN_TiNIC20260116011322.0050524s1937 oxfa grp 000 0 eng  ac10000a226.5bDRO aDrower, E S aMandaeans of Iraq and Iranb Their Cults, Customs, Magic Legends, &folklore aOxfordbClarendon Pressc1937 a436p aincludes index and biblioraphy2 aIndex aMandaeans aBible N.T. Gospel1 aDrower, E S bSRS cBK 00104070aHMIbHMId2008-09-19g100.00l0o226.5 DROp1019r2008-09-19w2026-01-16yEB c465d465